000 00507nam a22001817a 4500
005 20170608104934.0
010 _aENG-118564
020 _a9789350451250
_c250.00
035 _aEN-102096
037 _bDBAD/PUB
082 _a881
100 _a Mukherjee,Dipika
245 _aThe third glass of wine /
_cby Dipika Mukhejee
260 _aCalcutta
_bWriters Workshop
_c2015
270 _a162/92,Lake Garden
_bCalcutta
_e700045
300 _a88p.
_b22cm(Hb)
942 _2ddc
_cEN
_h881
_mMUK
999 _c140864
_d140864